Moves to help tackle late payers (Record no. 70919)
[ view plain ]
| 000 -LEADER | |
|---|---|
| fixed length control field | 01138cam a2200217 4500 |
| 001 - CONTROL NUMBER | |
| control field | WB3829-11 |
| 008 - FIXED-LENGTH DATA ELEMENTS--GENERAL INFORMATION | |
| fixed length control field | 020807n2002 000 0 eng u |
| 035 ## - SYSTEM CONTROL NUMBER | |
| System control number | (Sirsi) u119245 |
| 245 ## - TITLE STATEMENT | |
| Title | Moves to help tackle late payers |
| 260 ## - PUBLICATION, DISTRIBUTION, ETC. | |
| Date of publication, distribution, etc. | 2002 |
| 490 ## - SERIES STATEMENT | |
| Series statement | DTI News Release |
| Volume/sequential designation | (P/2002/520) 7 August 2002 (3) |
| 520 ## - SUMMARY, ETC. | |
| Summary, etc. | A new raft of measures to combat late payment came into force on 7 August. The changes allow businesses owed money to claim up to £100 in debt recovery costs for time spent chasing each unpaid bill. DTI news release http://www.nds.coi.gov.uk/coi/coipress.nsf/7e4cd219f1e58adf802565250034fa39/d62b2ba378ba14c480256c0e002daa46?OpenDocument The DIT's Small business service has published a guide "A user's guide to late payment legislation" available to download from the Better payment practice group website at www.payontim.co.uk or http://www.dti.gov.uk/latepay/latepaymentguide.pdf |
| 590 ## - LOCAL NOTE (RLIN) | |
| Local note | WB |
| 650 ## - SUBJECT ADDED ENTRY--TOPICAL TERM | |
| Topical term or geographic name entry element | BUSINESSES |
| 650 ## - SUBJECT ADDED ENTRY--TOPICAL TERM | |
| Topical term or geographic name entry element | LATE PAYMENT |
| 650 ## - SUBJECT ADDED ENTRY--TOPICAL TERM | |
| Topical term or geographic name entry element | COMPENSATION CLAIMS |
| 650 ## - SUBJECT ADDED ENTRY--TOPICAL TERM | |
| Topical term or geographic name entry element | DTI |
| 650 ## - SUBJECT ADDED ENTRY--TOPICAL TERM | |
| Topical term or geographic name entry element | REFORMS |
| 690 ## - LOCAL SUBJECT ADDED ENTRY--TOPICAL TERM (OCLC, RLIN) | |
| Topical term or geographic name as entry element | MANAGEMENT-BUSINESS MANAGEMENT-FINANCIAL MANAGEMENT |
| 942 ## - ADDED ENTRY ELEMENTS (KOHA) | |
| Suppress in OPAC | 0 |
| Withdrawn status | Lost status | Source of classification or shelving scheme | Damaged status | Not for loan | Home library | Current library | Shelving location | Date acquired | Total Checkouts | Full call number | Barcode | Date last seen | Copy number | Price effective from | Koha item type |
|---|---|---|---|---|---|---|---|---|---|---|---|---|---|---|---|
| Dewey Decimal Classification | London | London | News article | 07/08/2002 | WB3829-11 | 119245-1001 | 06/08/2019 | 1 | 06/08/2019 | News article |